Statistics for Цифры Пи

Click here to take the quiz!

General Stats

  • This quiz has been taken 5 205 times
  • The average score is 9 of 50

Answer Stats

Цифры Пи% Correct
3.
100%
1
99%
4
98%
1
94%
5
90%
9
80%
2
71%
6
59%
5
47%
3
37%
5
30%
8
23%
9
19%
7
14%
9
11%
3
9%
2
8%
3
7%
8
6%
4
4%
6
4%
2
3%
6
3%
2
2%
3
2%
3
2%
3
2%
4
2%
8
2%
0
1%
1
1%
1
1%
1
1%
2
1%
3
1%
3
1%
4
1%
5
1%
5
1%
6
1%
7
1%
7
1%
7
1%
8
1%
8
1%
9
1%
9
1%
9
1%
9
1%
9
1%

Score Distribution

Percentile by Number Answered

Percent of People with Each Score

Your Score History

You have not taken this quiz